000 00863nam a2200253 u 4500
005 20210223133423.0
008 171017s2016 mx r 000 0 spa d
020 _a9786070307249
035 _aUPN01000221042
049 _aCG
050 4 _aHQ28
_bG8.6
100 1 _aGutmann, Matthew C.,
_d1953-
_941103
245 1 0 _aPor mis pistolas :
_bsexualidad, anticoncepción y sida en México /
_cMatthew Gutmann ; tr. Lucía Rayas.
260 _aMéxico :
_bSiglo XXI,
_c2016.
300 _a266 p. :
_bil., cuadros
440 0 _aAntropología
534 _pTítulo original:
_tFixing men : sex, birth control, and aids in México
650 4 _aHOMBRES -
_xCONDUCTA SEXUAL
_97603
650 4 _aHOMBRES -
_zMEXICO -
_xACTITUDES
_926315
650 4 _aSEXO -
_zMEXICO -
_xOPINION PUBLICA
_926316
650 4 _aSIDA -
_zMEXICO
_921642
905 _aLibro
999 _c193141
_d193141